Statistiques concernant Chaîne de mots - Noël

Cliquez ici pour prendre le quiz!

Statistiques générales

  • Ce quiz a été pris 6 864 fois
    (6 209 depuis la dernière actualisation)
  • Le résultat moyen est 18 sur 25

Statistiques - réponses

IndicesRéponses% Correct
Véhicule du Père NoëlTraîneau
96%
Volaille de repas de NoëlDinde
94%
Arbre de NoëlSapin
94%
Une semaine après Noël: ___ AnNouvel
92%
Il en tombe souvent en hiverNeige
91%
Saison de Noël dans l'hémisphère NordHiver
90%
Moment de la journée où passe le Père NoëlNuit
90%
Ils attendent les présents du Père NoëlEnfants
89%
Créature aidant le Père NoëlLutin
89%
Fête célébrée le 25 décembreNoël
89%
Nombre de bœuf(s) dans la crècheUn
87%
Nom donné au repas et à la soirée s de NoëlRéveillon
82%
Etre vert velu voulant voler NoëlGrinch
80%
Autre nom du Père NoëlSanta
75%
Noël en espagnolNavidad
74%
Les Rois mages en auraient suivi uneEtoile
72%
Arbuste à fruits rouges vifs toxiquesHoux
68%
Abréviation pour Noël, en anglaisX-Mas
65%
Ville où vécut Jésus enfantNazareth
55%
Temps liturgique précédant NoëlAvent
52%
Basse au Nord, élevée au Sud pour NoëlTempérature
52%
Renne de Kristoff (La Reine des Neiges)Sven
39%
Orignal en Amérique du NordElan
28%
Dans nos campagnes selon la chansonAnges
15%
Nom original (anglais) du lait de pouleEggnog
15%

Distribution des résultats

Percentile par nombre de réponses

% des personnes avec chaque résultat

Votre développement - résultats

Vous n’avez pas pris ce quiz depuis la dernière actualisation